000
00229nam a2200097Ia 4500
005
20251222114353.0
008
251222s1900||||xx |||||||||||||| ||spa||
082
_a
DVD0070/C11/1989/Ej.2
245
0
_a
Francesco:Francisco
942
_c
DVD
999
_c
1327
_d
1327